| 000 | 00726nam a2200241Ia 4500 | ||
|---|---|---|---|
| 003 | OSt | ||
| 005 | 20220918170031.0 | ||
| 006 | a|||||r|||| 00| 0 | ||
| 007 | ta | ||
| 008 | 220917b |||||||| |||| 00| 0 eng d | ||
| 020 | _a8187226487 (hbk) | ||
| 024 | _a172,482 | ||
| 037 | _cTextual | ||
| 040 |
_aARTS _cARTS _beng |
||
| 041 |
_2eng _aeng |
||
| 082 | _aZ(Q7),91, P0 (SC) | ||
| 245 | 0 | _aHandbook of muslim jurisprudence with Arabic text and English translated by Alexander David Russel and Abdullah-Al-Ma-Mun Suhrawardy | |
| 260 |
_aDelhi _bShubhi Publications _c2000 |
||
| 300 |
_axxi, 120p. _ccm. |
||
| 650 |
_aLAW _97240 |
||
| 942 |
_hZ(Q7),91, P0 (SC) _cTEXL _2CC |
||
| 999 |
_c132315 _d132315 |
||